000 00491nam a2200181Ia 4500
001 15685
005 20260306170214.0
008 260306t1999||||xx |||||||||||||| ||und||
041 _aESP
082 _a574.54
_bM79
100 _aMarticorena, Benjamín
_eAUT
245 0 _aPerú:
_bvulnerabilidad frente al cambio climático : aproximaciones a la experiencia con el fenómeno El Niño
260 _c1999
300 _a
_c
650 _aGEN
654 _aCIA
942 _cLIB
_dJUS
_fJUS
_2ddc
_n
999 _c15685
_d15685